<?xml version="1.0" encoding="UTF-8"?>
<record
    xmlns:xsi="http://www.w3.org/2001/XMLSchema-instance"
    xsi:schemaLocation="http://www.loc.gov/MARC21/slim http://www.loc.gov/standards/marcxml/schema/MARC21slim.xsd"
    xmlns="http://www.loc.gov/MARC21/slim">

  <leader>00463nam a22001697a 4500</leader>
  <controlfield tag="005">20260511122253.0</controlfield>
  <controlfield tag="008">260511b        |||||||| |||| 00| 0 eng d</controlfield>
  <datafield tag="020" ind1=" " ind2=" ">
    <subfield code="a">9789373071428</subfield>
  </datafield>
  <datafield tag="041" ind1=" " ind2=" ">
    <subfield code="a">Eng</subfield>
  </datafield>
  <datafield tag="082" ind1=" " ind2=" ">
    <subfield code="a">658.110 MAL </subfield>
  </datafield>
  <datafield tag="100" ind1=" " ind2=" ">
    <subfield code="a">Maloo,  Pramod</subfield>
  </datafield>
  <datafield tag="245" ind1=" " ind2=" ">
    <subfield code="a">The Start up Founders Guide to Digital Marketing</subfield>
  </datafield>
  <datafield tag="260" ind1=" " ind2=" ">
    <subfield code="a">Haryana</subfield>
    <subfield code="b"> Harper Business</subfield>
    <subfield code="c">2025</subfield>
  </datafield>
  <datafield tag="300" ind1=" " ind2=" ">
    <subfield code="a">301;. P. 22 cm</subfield>
  </datafield>
  <datafield tag="650" ind1=" " ind2=" ">
    <subfield code="a">New Business Enterprises; Leadership</subfield>
  </datafield>
  <datafield tag="942" ind1=" " ind2=" ">
    <subfield code="c">BK</subfield>
  </datafield>
  <datafield tag="999" ind1=" " ind2=" ">
    <subfield code="c">46524</subfield>
    <subfield code="d">46524</subfield>
  </datafield>
  <datafield tag="952" ind1=" " ind2=" ">
    <subfield code="0">0</subfield>
    <subfield code="1">0</subfield>
    <subfield code="2">ddc</subfield>
    <subfield code="4">0</subfield>
    <subfield code="7">0</subfield>
    <subfield code="a">IMTN</subfield>
    <subfield code="b">IMTN</subfield>
    <subfield code="c">Rack 20-B</subfield>
    <subfield code="d">2026-05-11</subfield>
    <subfield code="e">Raghav Books Private Limited</subfield>
    <subfield code="g">599.00</subfield>
    <subfield code="i">2630</subfield>
    <subfield code="l">0</subfield>
    <subfield code="o">658.110 MAL</subfield>
    <subfield code="p">33992</subfield>
    <subfield code="r">2026-05-11 06:54:38</subfield>
    <subfield code="t">20</subfield>
    <subfield code="v">479.00</subfield>
    <subfield code="w">2026-04-30</subfield>
    <subfield code="y">BK</subfield>
    <subfield code="z">Recommended by Dr Rajneesh Chauhan</subfield>
  </datafield>
</record>
